000 01004njm a22002777a 4500
005 20100917113720.0
007 sd ammalaaahaa
008 100913t xxu||||| |||| 00| 0 hin d
028 _aECLP 5484
_bEMI
035 _aGR-03162
040 _aSED/VEN
100 _aMangeshkar, Lata
_91184
245 _aKabhi kabhi /
_cby Lata Mangeshkar ; music by Khaiyyaam ; lyrics by Sahir
_h[sound recording] :
246 _aकभी कभी
260 _aDum Dum India
_bEMI
_c1976
300 _a1 sound disc [Gramophone record] :
_banalog, 33 1/3 rpm
_c12.5 in. (LP)
_fGramophone Record
500 _aBrief Record
500 _aRecord label :EMI, Red
505 _aSide-1 (Kabhi kabhi mere dil mein khayal aata hai) (Lata Mangeshkar)
600 _919992
_2Mangeshkar, Lata
650 _aHindi Film Songs
_xExcerpts
_zIndia
_919603
700 _919605
_aKhaiyyaam
700 _920458
_aSahir
942 _2ddc
_cGR
999 _c46410
_d46410